| 000 | 01607 a2200229 4500 | ||
|---|---|---|---|
| 020 | _a0750624523 | ||
| 020 | _a9780750624527 | ||
| 082 | 0 | 4 | _a658.1511 |
| 090 |
_c2647 _d2647 |
||
| 100 | 1 | _aCoates, Jeffrey. | |
| 245 | 1 | 0 |
_aManagement accounting for strategic and operational control, third edition / _cJeffrey Coates. |
| 250 | _a3rd ed. | ||
| 260 |
_a[S.l.] : _bButterworth-Heinemann, _c1996. |
||
| 300 | _a340 p. | ||
| 500 | _aPaperback. | ||
| 520 | _aKey features : * how to assess and report on management performance * monitoring efficiency, effectiveness and value for money * evaluating the efficiency and effectiveness of information systems. Management Accounting for Strategic and Operational Control is the essential guide to management accounting. In this fully revised and updated version of Control and Audit in Management Accounting, Coates, Stacey and Rickwood examine the application of management accounting to the task of control in the business context. This lively and accessible book encourages the management accountant to adopt a pro-active role in operational decision making and strategy development. how to assess and report on management performance monitoring efficiency, effectiveness and value for money evaluating the efficiency and effectiveness of information systems. | ||
| 700 | 1 | _aRickwood, Colin. | |
| 700 | 1 | _aStacey, Raymond James. | |
| 856 | 4 | 0 |
_3Amazon.com _uhttp://www.amazon.com/exec/obidos/ASIN/0750624523/chopaconline-20 |
| 856 | 4 | 0 |
_3Amazon customer reviews _uhttp://www.chopac.org/cgi-bin/tools/azrev.pl?q=0750624523 |
| 942 |
_aNBS _cBK _k658.1511 COA |
||
| 999 |
_c345140 _d345140 |
||